<?xml version="1.0" encoding="UTF-8"?>
<marc:record xmlns:marc="http://www.loc.gov/MARC21/slim">
   <marc:leader>00000nam a2200000 a 4500</marc:leader>
   <marc:datafield ind1="1" ind2=" " tag="100">
      <marc:subfield code="a">Genazino, Wilhelm</marc:subfield>
      <marc:subfield code="4">aut</marc:subfield>
      <marc:subfield code="e">Verfasser/-in</marc:subfield>
   </marc:datafield>
   <marc:datafield ind1="0" ind2="0" tag="245">
      <marc:subfield code="a">Das Glück in glücksfernen Zeiten</marc:subfield>
   </marc:datafield>
   <marc:datafield ind1="0" ind2="0" tag="245">
      <marc:subfield code="b">Roman</marc:subfield>
   </marc:datafield>
   <marc:datafield ind1="0" ind2="0" tag="245">
      <marc:subfield code="c">Wilhelm Genazino</marc:subfield>
   </marc:datafield>
   <marc:datafield ind1=" " ind2="1" tag="264">
      <marc:subfield code="a">München ; Wien</marc:subfield>
      <marc:subfield code="b">Carl Hanser</marc:subfield>
      <marc:subfield code="c">2009</marc:subfield>
   </marc:datafield>
   <marc:datafield ind1="1" ind2=" " tag="520">
      <marc:subfield code="a">Der Arbeitsmarkt kennt keine Gnade, erst recht nicht für Philosophen. Daher tritt Dr. phil. Gerhard Warlich eine Stelle als Wäscheausfahrer an und richtet sich ein in dieser nicht allzu aufregenden, aber sicheren Existenz. Doch als seine Freundin Traudel sich ein Kind wünscht, bringt das Warlich, der eigentlich nur "halbtags leben" möchte, vollkommen aus dem Gleis. Wilhelm Genazino erzählt diese Geschichte eines traurigen Helden und seiner viel weniger traurigen Freundin mit verblüffender Lakonie. Keiner beschreibt die menschliche Verzweiflung an Leben und Liebe so ironisch und brillant wie er.</marc:subfield>
   </marc:datafield>
   <marc:datafield ind1=" " ind2=" " tag="020">
      <marc:subfield code="a">9783446232655</marc:subfield>
      <marc:subfield code="9">9783446232655</marc:subfield>
   </marc:datafield>
   <marc:datafield ind1=" " ind2=" " tag="020">
      <marc:subfield code="a">3446232656</marc:subfield>
      <marc:subfield code="9">3446232656</marc:subfield>
   </marc:datafield>
   <marc:datafield ind1=" " ind2=" " tag="300">
      <marc:subfield code="a">157 Seiten</marc:subfield>
   </marc:datafield>
</marc:record>
